Sociedades anónimas (Record no. 144668)

MARC details
000 -LEADER
campo de control de longitud fija 00629nam a2200181 4500
001 - NÚMERO DE CONTROL
campo de control 144668
003 - IDENTIFICADOR DE NÚMERO DE CONTROL
campo de control ES-MaACL
005 - FECHA Y HORA DE LA ÚLTIMA TRANSACCIÓN
campo de control 20230906201054.0
007 - CAMPO FIJO DE DESCRIPCIÓN FÍSICA--INFORMACIÓN GENERAL
campo de control de longitud fija t|
008 - DATOS DE LONGITUD FIJA--INFORMACIÓN GENERAL
campo de control de longitud fija 070214s1952 sp r ||||1| spa d
245 00 - MENCIÓN DEL TÍTULO
Título Sociedades anónimas
Resto del título : (recopilación sistemática de la legislación vigente) /
Mención de responsabilidad, etc. ordenada por Alejandro Bérgamo Llabrés, Alfonso Martínez Almeida.
250 ## - MENCION DE EDICION
Mención de edición 1ª. ed.
260 ## - PUBLICACIÓN, DISTRIBUCIÓN, ETC.
Lugar de publicación, distribución, etc. Madrid :
Nombre del editor, distribuidor, etc. Prensa Española,
Fecha de publicación, distribución, etc. 1952.
300 ## - DESCRIPCIÓN FÍSICA
Extensión XVII, 657 p. ;
Dimensiones 22 cm.
700 1# - ENTRADA AGREGADA--NOMBRE PERSONAL
Nombre de persona Bérgamo Llabrés, Alejandro.
9 (RLIN) 27930
700 1# - ENTRADA AGREGADA--NOMBRE PERSONAL
Nombre de persona Martínez Almeida, Alfonso.
9 (RLIN) 77840
852 ## - LOCALIZACIÓN
Ubicación ES-MaACL
Número de control de estantería D-8047
Sublocalización o colección R.34402
Holdings
Estatus retirado Estado de pérdida Estado de daño No para préstamo Biblioteca de origen Biblioteca actual Ubicación en estantería Fecha de adquisición Fuente de adquisición Total de préstamos Signatura topográfica completa Código de barras Visto por última vez Precio de reemplazo Tipo de ítem Koha
        Biblioteca del Ateneo de Madrid Biblioteca del Ateneo de Madrid Sala Valle Inclán 17/01/2008     D-8047 901150830 23/02/2023 23/02/2023 Libro impreso